Statystyki dla Nowa Fala - wszystkie numery z albumu

Kliknij tutaj aby rozwiązać quiz!

Ogólne statystyki

  • Ten quiz został rozwiązany 8 razy
  • Średni wynik to 12 z 20

Statystyki odpowiedzi

NumerFeatTytuł piosenkiWyświetlenia YoutubeOdtworzenia Spotify% Poprawnych
3.BedoesDiamenty20mln5,827,627
100%
15.---Plecak38mln11,539,756
100%
20.---Nie wiem18mln1,296,174
86%
1.---Nowy sezon12mln3,003,808
86%
16.---Pogba30mln12,556,153
86%
8.Nocny SosaDron630tyś.530,505
71%
2.BeteoSkrrrt10mln2,603,762
71%
10.---Trap6,1mln1,853,414
71%
19.Young Jacob, Raff J.RHollywood28tyś.183,497
57%
11.---Kim ty jesteś?17mln3,556,099
57%
6.---Nowa Fala4,1mln1,263,810
57%
18.MerghaniOna dzwoni763tyś.667,225
57%
4.---Plotki4,8mln1,552,259
57%
13.TXNSHIWarszawa nocą637tyś.852,811
57%
9.---Beast Mode729tyś.685,629
43%
12.ADAEMPusta szklanka621tyś.728,019
43%
7.MerghaniPytasz mnie4,8mln866,261
43%
17.---Lifestyle461tyś.689,013
29%
5.---Więcej3,4mln660,351
29%
14.---Czemu nie wierzyłeś22tyś.637,782
0%

Rozkład punktacji

Percentyl według liczby udzielonych odpowiedzi

Procent ludzi z każdym wynikiem

Twoja historia wyników

Nie rozwiązałeś tego quizu